লোডিং...
Vishwa ki shreshta kahaniyam/
| প্রধান লেখক: | |
|---|---|
| বিন্যাস: | Printed Book |
| প্রকাশিত: |
Kalkatta:
Bharathiya Bhasha Parishad,
2004.
|
| LEADER | 00369 a2200109 4500 | ||
|---|---|---|---|
| 100 | |a Mamatha Kaliya | ||
| 245 | |a Vishwa ki shreshta kahaniyam/ |c Mamatha Kaliya | ||
| 260 | |a Kalkatta: |b Bharathiya Bhasha Parishad, |c 2004. | ||
| 300 | |a 380p. | ||
| 942 | |2 ddc |c BK | ||
| 999 | |c 238610 |d 238610 | ||
| 952 | |0 0 |1 0 |4 0 |7 0 |9 264969 |a HIN |b HIN |c S-53 |d 2011-07-11 |i 19317 |l 0 |p HIN19317 |r 2011-07-11 |w 2014-02-07 |y BK | ||